000 00488nam a2200169Ia 4500
008 230718s9999 xx 000 0 und d
041 _aeng
082 _a658.4
_bWEI
100 _aWeihrich H.
_9109450
245 _aManagement
_bA Global And Entrepreneurial Perspective
250 _a12th
260 _c2008
_bTata Mc-Graw Hill
300 _a527
365 _cRs.
_b450.00
700 _aWeihrich H.; Cannice M.V. & Koontz H.
906 _dO:0018229-Jul-2009B:92218-Jul-2009
_cME ETC
_b90
999 _c322048
_d322048